Obálka Náhled e-knihy:
PDF Epub
Pro půjčování e-knih musíte být přihlášeni.
Jak si půjčit online?

Válka s Mloky /

Světově proslulý utopistický román, kterým Čapek v roce 1936 poukázal na nebezpečí rozmachu fašismu a reálnou hrozbu 2. světové války.

Uloženo v:
Hlavní autor: Čapek, Karel, 1890-1938 (Autor)
Médium: E-kniha
Jazyk:Czech
Vydáno: Praha : Dobrovský s.r.o., 2022
Edice:1400
Témata:
Tagy:
Žádné tagy
LEADER 02416nam a2200433 i 4500
001 312606
003 CZ PrSKC
005 20260601215725.0
007 ta
008 220712s2022 xr g 000 f cze
015 |a cnb003437030 
020 |a 9788027713196  |q (vázáno) 
035 |a (OCoLC)1350560487 
040 |a ABG001  |b cze  |d ABA001  |e rda 
072 7 |a 821.162.3-3  |x Česká próza  |2 Konspekt 
080 |a 821.162.3-31  |2 MRF 
080 |a (0:82-311.9)  |2 MRF 
080 |a (0:82-313.2)  |2 MRF 
100 1 |a Čapek, Karel,  |d 1890-1938  |7 jk01021023  |4 aut 
245 1 0 |a Válka s Mloky /  |c Karel Čapek 
264 1 |a Praha :  |b Dobrovský s.r.o.,  |c 2022 
300 |a 279 stran ;  |c 21 cm 
336 |a text  |b txt  |2 rdacontent 
337 |a bez média  |b n  |2 rdamedia 
338 |a svazek  |b nc  |2 rdacarrier 
490 1 |a 1400 
520 2 |a Světově proslulý utopistický román, kterým Čapek v roce 1936 poukázal na nebezpečí rozmachu fašismu a reálnou hrozbu 2. světové války.  |b V Tichém oceánu objevil starý námořní kapitán van Toch, původem Čech, podivuhodně učenlivé mloky podobné člověku. Vládci jednotlivých zemí začali využívat a zneužívat mloky ve svůj prospěch například k lovu perel, ale i jako pracovní sílu na podmořských stavbách. Mloci dostali i zbraně na ochranu před žraloky. Potřebují však stále větší prostor, a tak nakonec vyhlašují lidstvu válku a hrozí je vyhladit zbraněmi, které jim lidé sami dali. Záhubu lidské civilizace odvrátí až šovinismus, který panuje nejen mezi lidmi, ale i mezi mloky, a který jejich útočnou jednotu nakonec rozleptá. 
655 7 |a české romány  |7 fd133974  |2 czenas 
655 7 |a vědecko-fantastické romány  |7 fd133847  |2 czenas 
655 7 |a utopické romány  |7 fd184209  |2 czenas 
655 9 |a Czech fiction  |2 eczenas 
655 9 |a science fiction novels  |2 eczenas 
655 9 |a utopian novels  |2 eczenas 
830 0 |a 1400 
900 |a ABA001  |b 19 
044 |a xr 
910 |a RBIT002 
998 |d 416776  |a https://core.palmknihy.cz/api/books/416776/cover?spjc62  |b https://core.palmknihy.cz/api/books/416776/cover/400?spjc62  |c https://core.palmknihy.cz/api/books/416776/cover/50?spjc62  |e   |g 288  |i 9788027713196  |j https://core.palmknihy.cz/api/books/416776/preview.epub  |k https://core.palmknihy.cz/api/books/416776/preview.pdf  |l   |q 49  |r 1  |s https://www.palmknihy.cz/kniha/416776  |t ebook  |y 2024  |z 0 
999 |d 312604